| 000 | 01369cam a2200325 a 4500 | ||
|---|---|---|---|
| 001 | 1387720 | ||
| 003 | ARRUPE | ||
| 005 | 20150120135916.0 | ||
| 008 | 820326s1982 ctua b 001 0 eng | ||
| 010 | _a 82005504 | ||
| 020 | _a0716714094 (W.H. Freeman) | ||
| 020 | _z0716715007 (W.H. Freeman : pbk.) | ||
| 040 |
_aDLC _cDLC _dDLC |
||
| 050 | 0 | 0 |
_aQB981 _b.M865 1982 |
| 082 | 0 | 0 |
_a500 _219 |
| 100 | 1 |
_aMorrison, Philip. _914333 |
|
| 245 | 1 | 0 |
_aPowers of ten : _ba book about the relative size of things in the universe and the effect of adding another zero / _cby Philip and Phylis Morrison and the Office of Charles and Ray Eames. |
| 260 |
_aRedding, Conn. : _bScientific American Library ; _aSan Francisco : _bDistributed by W.H. Freeman, _cc1982. |
||
| 300 |
_a150 p. : _bill. ; _c25 cm. |
||
| 500 | _a"Based on the film Powers of ten by the Office of Charles and Ray Eames." | ||
| 500 | _aIncludes index. | ||
| 504 | _aBibliography: p. 148-150. | ||
| 630 | 0 | 0 |
_aPowers of ten--a film dealing with the relative size of things in the universe and the effect of adding another zero (Motion picture) _914334 |
| 650 | 0 |
_aCosmology _xMiscellanea. _914335 |
|
| 700 | 1 |
_aMorrison, Phylis, _d1927- _914336 |
|
| 710 | 2 |
_aOffice of Charles and Ray Eames. _914337 |
|
| 906 |
_a7 _bcbc _corignew _d1 _eocip _f19 _gy-gencatlg |
||
| 942 |
_2lcc _cMONOGRAPH |
||
| 999 |
_c121802 _d121802 |
||